Séries - Statistics

Estatísticas Gerais
  • Esse quiz foi jogado 1 007 vezes
  • A pontuação média é 5 de 12
Estatísticas das Respostas
Hint Resposta % Correto
🏃⚡ The Flash
87%
🌏💥+💯🚀 The 100
86%
🥋🤼🐍 Cobra Kai
82%
1️⃣3️⃣ 13 Reasons Why
59%
👩+🧛‍♂️🧛🏼 The Vampire Diarie
49%
👨‍🏫🥵🔞 Sex Education
48%
👩‍❤️‍👨+👨🔪👱‍♀️ You
34%
🏠+📃 Casa de Papel
32%
🍍☔👔 How I Met Your Mother
21%
🐒🐉🔴🔴🔴🔴🔴🔴🔴 Dragon Ball
12%
🤴👸+📖 Once Upon a Time
11%
👩🏽‍🦱👨🏽‍🦱👩‍👩‍👧‍👧 Reunião de Família
1%
Nenhum quiz correspondente encontrado
Distribuição das Pontuações
Porcentagem de Pessoas com Cada Pontuação
Percentil de Números Respondidos
Sua Pontuação Histórica
Você não jogou esse quiz